Japanese journal of limnology.

Bibliographic Details
Corporate Author: Nihon Rikusui Gakkai
Format: Journal
Language:English
Japanese
Language Notes:Articles mostly in Japanese.
Published: Otsu : Japanese Society of Limnology.
Subjects:
Online Availability: Check for online availability

MARC

Tag First Indicator Second Indicator Subfields
LEADER 00000cas a2200000 4500
001 in00000307209
005 20151010143642.0
008 750907c19319999ja uu p 0uuud0eng d
022 |a 0021-5104 
035 |a (OCoLC)01608284 
035 |9 ABH5629AM 
040 |a MUL  |c MUL  |d COO  |d TXA  |d UtOrBLW 
041 0 |a jpn  |b eng 
049 |a TXAE 
090 |a QH96.A1  |b .J23 
245 0 0 |a Japanese journal of limnology. 
264 1 |a Otsu :  |b Japanese Society of Limnology. 
300 |a  volumes :  |b illustrations 
336 |a text  |b txt  |2 rdacontent 
337 |a unmediated  |b n  |2 rdamedia 
338 |a volume  |b nc  |2 rdacarrier 
362 0 |a v. 1- Dec. 1931- 
546 |a Articles mostly in Japanese. 
650 0 |a Limnology  |v Periodicals. 
650 0 |a Limnology  |z Japan  |x Periodicals. 
710 2 |a Nihon Rikusui Gakkai. 
730 0 |a Rikusui-gaku zasshi. 
999 |a MARS 
999 f f |s 65058426-573b-3de2-9948-3012ccbebdc6  |i 639383ec-5f88-3f2f-ba50-97c2e2f2b4af  |t 0 
952 f f |a Texas A&M University  |b Rellis Campus  |c Joint Library Facility  |d Remote Storage  |e QH96.A1 .J23  |h Library of Congress classification  |i unmediated -- volume  |k v.64  |l 2003  |m A14832167924  |p ric  |s JLF  |t 0 
952 f f |a Texas A&M University  |b Rellis Campus  |c Joint Library Facility  |d Remote Storage  |e QH96.A1 .J23  |h Library of Congress classification  |i unmediated -- volume  |k v.71  |l 2010  |m A14839416251  |p ric  |s JLF  |t 0 
952 f f |a Texas A&M University  |b Rellis Campus  |c Joint Library Facility  |d Remote Storage  |e QH96.A1 .J23  |h Library of Congress classification  |i unmediated -- volume  |k v.59  |l 1998  |m A14824961500  |p ric  |s JLF  |t 0 
952 f f |a Texas A&M University  |b Rellis Campus  |c Joint Library Facility  |d Remote Storage  |e QH96.A1 .J23  |h Library of Congress classification  |i unmediated -- volume  |k v.40-41  |l 1979-1980  |m A14851421397  |p ric  |s JLF  |t 0 
952 f f |a Texas A&M University  |b Rellis Campus  |c Joint Library Facility  |d Remote Storage  |e QH96.A1 .J23  |h Library of Congress classification  |i unmediated -- volume  |k v.28-29  |l 1967-1968  |m A14851421330  |p ric  |s JLF  |t 0 
952 f f |a Texas A&M University  |b Rellis Campus  |c Joint Library Facility  |d Remote Storage  |e QH96.A1 .J23  |h Library of Congress classification  |i unmediated -- volume  |k v.36-37  |l 1975-1976  |m A14851421371  |p ric  |s JLF  |t 0 
952 f f |a Texas A&M University  |b Rellis Campus  |c Joint Library Facility  |d Remote Storage  |e QH96.A1 .J23  |h Library of Congress classification  |i unmediated -- volume  |k v.14-15  |l 1949-1951  |m A14851421264  |p ric  |s JLF  |t 0 
952 f f |a Texas A&M University  |b Rellis Campus  |c Joint Library Facility  |d Remote Storage  |e QH96.A1 .J23  |h Library of Congress classification  |i unmediated -- volume  |k v.81  |l 2020  |m A14851478975  |p ric  |s JLF  |t 0 
952 f f |a Texas A&M University  |b Rellis Campus  |c Joint Library Facility  |d Remote Storage  |e QH96.A1 .J23  |h Library of Congress classification  |i unmediated -- volume  |k v.57  |l 1996  |m A14821221846  |p ric  |s JLF  |t 0 
952 f f |a Texas A&M University  |b Rellis Campus  |c Joint Library Facility  |d Remote Storage  |e QH96.A1 .J23  |h Library of Congress classification  |i unmediated -- volume  |k v.6-7  |l 1936-1937  |m A14851421215  |p ric  |s JLF  |t 0 
952 f f |a Texas A&M University  |b Rellis Campus  |c Joint Library Facility  |d Remote Storage  |e QH96.A1 .J23  |h Library of Congress classification  |i unmediated -- volume  |k v.24-25  |l 1963/1965  |m A14851421314  |p ric  |s JLF  |t 0 
952 f f |a Texas A&M University  |b Rellis Campus  |c Joint Library Facility  |d Remote Storage  |e QH96.A1 .J23  |h Library of Congress classification  |i unmediated -- volume  |k v.48-49  |l 1987-1988  |m A14811841521  |p ric  |s JLF  |t 0 
952 f f |a Texas A&M University  |b Rellis Campus  |c Joint Library Facility  |d Remote Storage  |e QH96.A1 .J23  |h Library of Congress classification  |i unmediated -- volume  |k v.22-23  |l 1961-1962  |m A14851421306  |p ric  |s JLF  |t 0 
952 f f |a Texas A&M University  |b Rellis Campus  |c Joint Library Facility  |d Remote Storage  |e QH96.A1 .J23  |h Library of Congress classification  |i unmediated -- volume  |k v.69:no.3  |l 2009:Jan.  |m A14839113065  |p ric  |s JLF  |t 0 
952 f f |a Texas A&M University  |b Rellis Campus  |c Joint Library Facility  |d Remote Storage  |e QH96.A1 .J23  |h Library of Congress classification  |i unmediated -- volume  |k v.56:no.2-4  |l 1995:Apr.-Oct.  |m A14821221799  |p ric  |s JLF  |t 0 
952 f f |a Texas A&M University  |b Rellis Campus  |c Joint Library Facility  |d Remote Storage  |e QH96.A1 .J23  |h Library of Congress classification  |i unmediated -- volume  |k v.61  |l 2000  |m A14828573032  |p ric  |s JLF  |t 0 
952 f f |a Texas A&M University  |b Rellis Campus  |c Joint Library Facility  |d Remote Storage  |e QH96.A1 .J23  |h Library of Congress classification  |i unmediated -- volume  |k v.68:no.2-3  |l 2007:Aug.-Dec,  |m A14838817802  |p ric  |s JLF  |t 0 
952 f f |a Texas A&M University  |b Rellis Campus  |c Joint Library Facility  |d Remote Storage  |e QH96.A1 .J23  |h Library of Congress classification  |i unmediated -- volume  |k v.11-12  |l 1941-1943  |m A14851421249  |p ric  |s JLF  |t 0 
952 f f |a Texas A&M University  |b Rellis Campus  |c Joint Library Facility  |d Remote Storage  |e QH96.A1 .J23  |h Library of Congress classification  |i unmediated -- volume  |k v.55  |l 1994  |m A14819566743  |p ric  |s JLF  |t 0 
952 f f |a Texas A&M University  |b Rellis Campus  |c Joint Library Facility  |d Remote Storage  |e QH96.A1 .J23  |h Library of Congress classification  |i unmediated -- volume  |k v.18-19  |l 1956-1958  |m A14851421280  |p ric  |s JLF  |t 0 
952 f f |a Texas A&M University  |b Rellis Campus  |c Joint Library Facility  |d Remote Storage  |e QH96.A1 .J23  |h Library of Congress classification  |i unmediated -- volume  |k v.80  |l 2019  |m A14851466848  |p ric  |s JLF  |t 0 
952 f f |a Texas A&M University  |b Rellis Campus  |c Joint Library Facility  |d Remote Storage  |e QH96.A1 .J23  |h Library of Congress classification  |i unmediated -- volume  |k v.60  |l 1999  |m A14826409839  |p ric  |s JLF  |t 0 
952 f f |a Texas A&M University  |b Rellis Campus  |c Joint Library Facility  |d Remote Storage  |e QH96.A1 .J23  |h Library of Congress classification  |i unmediated -- volume  |k v.58  |l 1997  |m A14823282385  |p ric  |s JLF  |t 0 
952 f f |a Texas A&M University  |b Rellis Campus  |c Joint Library Facility  |d Remote Storage  |e QH96.A1 .J23  |h Library of Congress classification  |i unmediated -- volume  |k v.16-17  |l 1952-1955  |m A14851421272  |p ric  |s JLF  |t 0 
952 f f |a Texas A&M University  |b Rellis Campus  |c Joint Library Facility  |d Remote Storage  |e QH96.A1 .J23  |h Library of Congress classification  |i unmediated -- volume  |k v.54  |l 1993  |m A14818750967  |p ric  |s JLF  |t 0 
952 f f |a Texas A&M University  |b Rellis Campus  |c Joint Library Facility  |d Remote Storage  |e QH96.A1 .J23  |h Library of Congress classification  |i unmediated -- volume  |k v.77  |l 2016  |m A14850360406  |p ric  |s JLF  |t 0 
952 f f |a Texas A&M University  |b Rellis Campus  |c Joint Library Facility  |d Remote Storage  |e QH96.A1 .J23  |h Library of Congress classification  |i unmediated -- volume  |k v.1-3  |l 1931-1934  |m A14851421199  |p ric  |s JLF  |t 0 
952 f f |a Texas A&M University  |b Rellis Campus  |c Joint Library Facility  |d Remote Storage  |e QH96.A1 .J23  |h Library of Congress classification  |i unmediated -- volume  |k v.82  |l 2021  |m A14851806746  |p ric  |s JLF  |t 0 
952 f f |a Texas A&M University  |b Rellis Campus  |c Joint Library Facility  |d Remote Storage  |e QH96.A1 .J23  |h Library of Congress classification  |i unmediated -- volume  |k v.51  |l 1990  |m A14815169060  |p ric  |s JLF  |t 0 
952 f f |a Texas A&M University  |b Rellis Campus  |c Joint Library Facility  |d Remote Storage  |e QH96.A1 .J23  |h Library of Congress classification  |i unmediated -- volume  |k v.53  |l 1992  |m A14817864103  |p ric  |s JLF  |t 0 
952 f f |a Texas A&M University  |b Rellis Campus  |c Joint Library Facility  |d Remote Storage  |e QH96.A1 .J23  |h Library of Congress classification  |i unmediated -- volume  |k v.32-33  |l 1971-1972  |m A14851421355  |p ric  |s JLF  |t 0 
952 f f |a Texas A&M University  |b Rellis Campus  |c Joint Library Facility  |d Remote Storage  |e QH96.A1 .J23  |h Library of Congress classification  |i unmediated -- volume  |k v.68:no.1  |l 2007:May  |m A14838817844  |p ric  |s JLF  |t 0 
952 f f |a Texas A&M University  |b Rellis Campus  |c Joint Library Facility  |d Remote Storage  |e QH96.A1 .J23  |h Library of Congress classification  |i unmediated -- volume  |k v.65  |l 2004  |m A14833426981  |p ric  |s JLF  |t 0 
952 f f |a Texas A&M University  |b Rellis Campus  |c Joint Library Facility  |d Remote Storage  |e QH96.A1 .J23  |h Library of Congress classification  |i unmediated -- volume  |k v.73  |l 2012  |m A14843165482  |p ric  |s JLF  |t 0 
952 f f |a Texas A&M University  |b Rellis Campus  |c Joint Library Facility  |d Remote Storage  |e QH96.A1 .J23  |h Library of Congress classification  |i unmediated -- volume  |k v.62  |l 2001  |m A14829908735  |p ric  |s JLF  |t 0 
952 f f |a Texas A&M University  |b Rellis Campus  |c Joint Library Facility  |d Remote Storage  |e QH96.A1 .J23  |h Library of Congress classification  |i unmediated -- volume  |k v.75  |l 2014  |m A14843165508  |p ric  |s JLF  |t 0 
952 f f |a Texas A&M University  |b Rellis Campus  |c Joint Library Facility  |d Remote Storage  |e QH96.A1 .J23  |h Library of Congress classification  |i unmediated -- volume  |k v.20-21  |l 1959-1960  |m A14851421298  |p ric  |s JLF  |t 0 
952 f f |a Texas A&M University  |b Rellis Campus  |c Joint Library Facility  |d Remote Storage  |e QH96.A1 .J23  |h Library of Congress classification  |i unmediated -- volume  |k v.84  |l 2023  |m A14852190470  |p ric  |s JLF  |t 0 
952 f f |a Texas A&M University  |b Rellis Campus  |c Joint Library Facility  |d Remote Storage  |e QH96.A1 .J23  |h Library of Congress classification  |i unmediated -- volume  |k v.9-10  |l 1939-1940  |m A14851421231  |p ric  |s JLF  |t 0 
952 f f |a Texas A&M University  |b Rellis Campus  |c Joint Library Facility  |d Remote Storage  |e QH96.A1 .J23  |h Library of Congress classification  |i unmediated -- volume  |k v.78  |l 2017  |m A14850360398  |p ric  |s JLF  |t 0 
952 f f |a Texas A&M University  |b Rellis Campus  |c Joint Library Facility  |d Remote Storage  |e QH96.A1 .J23  |h Library of Congress classification  |i unmediated -- volume  |k v.74  |l 2013  |m A14843165490  |p ric  |s JLF  |t 0 
952 f f |a Texas A&M University  |b Rellis Campus  |c Joint Library Facility  |d Remote Storage  |e QH96.A1 .J23  |h Library of Congress classification  |i unmediated -- volume  |k v.13  |l 1943-1944  |m A14851421256  |p ric  |s JLF  |t 0 
952 f f |a Texas A&M University  |b Rellis Campus  |c Joint Library Facility  |d Remote Storage  |e QH96.A1 .J23  |h Library of Congress classification  |i unmediated -- volume  |k v.72:no.2-3  |l 2011:Aug.-Dec.  |m A14843165474  |p ric  |s JLF  |t 0 
952 f f |a Texas A&M University  |b Rellis Campus  |c Joint Library Facility  |d Remote Storage  |e QH96.A1 .J23  |h Library of Congress classification  |i unmediated -- volume  |k v.26-27  |l 1965-1966  |m A14851421322  |p ric  |s JLF  |t 0 
952 f f |a Texas A&M University  |b Rellis Campus  |c Joint Library Facility  |d Remote Storage  |e QH96.A1 .J23  |h Library of Congress classification  |i unmediated -- volume  |k v.34-35  |l 1973-1974  |m A14851421363  |p ric  |s JLF  |t 0 
952 f f |a Texas A&M University  |b Rellis Campus  |c Joint Library Facility  |d Remote Storage  |e QH96.A1 .J23  |h Library of Congress classification  |i unmediated -- volume  |k v.67  |l 2006  |m A14836445706  |p ric  |s JLF  |t 0 
952 f f |a Texas A&M University  |b Rellis Campus  |c Joint Library Facility  |d Remote Storage  |e QH96.A1 .J23  |h Library of Congress classification  |i unmediated -- volume  |k v.50  |l 1989  |m A14813809321  |p ric  |s JLF  |t 0 
952 f f |a Texas A&M University  |b Rellis Campus  |c Joint Library Facility  |d Remote Storage  |e QH96.A1 .J23  |h Library of Congress classification  |i unmediated -- volume  |k v.42-43  |l 1981-1982  |m A14837335687  |p ric  |s JLF  |t 0 
952 f f |a Texas A&M University  |b Rellis Campus  |c Joint Library Facility  |d Remote Storage  |e QH96.A1 .J23  |h Library of Congress classification  |i unmediated -- volume  |k v.4-5  |l 1934-1935  |m A14851421207  |p ric  |s JLF  |t 0 
952 f f |a Texas A&M University  |b Rellis Campus  |c Joint Library Facility  |d Remote Storage  |e QH96.A1 .J23  |h Library of Congress classification  |i unmediated -- volume  |k v.66  |l 2005  |m A14834634236  |p ric  |s JLF  |t 0 
952 f f |a Texas A&M University  |b Rellis Campus  |c Joint Library Facility  |d Remote Storage  |e QH96.A1 .J23  |h Library of Congress classification  |i unmediated -- volume  |k v.8  |l 1938  |m A14851421223  |p ric  |s JLF  |t 0 
952 f f |a Texas A&M University  |b Rellis Campus  |c Joint Library Facility  |d Remote Storage  |e QH96.A1 .J23  |h Library of Congress classification  |i unmediated -- volume  |k v.44-45  |l 1983-1984  |m A14851421389  |p ric  |s JLF  |t 0 
952 f f |a Texas A&M University  |b Rellis Campus  |c Joint Library Facility  |d Remote Storage  |e QH96.A1 .J23  |h Library of Congress classification  |i unmediated -- volume  |k v.30-31  |l 1969-1970  |m A14851421348  |p ric  |s JLF  |t 0 
952 f f |a Texas A&M University  |b Rellis Campus  |c Joint Library Facility  |d Remote Storage  |e QH96.A1 .J23  |h Library of Congress classification  |i unmediated -- volume  |k v.79  |l 2018  |m A14850911406  |p ric  |s JLF  |t 0 
952 f f |a Texas A&M University  |b Rellis Campus  |c Joint Library Facility  |d Remote Storage  |e QH96.A1 .J23  |h Library of Congress classification  |i unmediated -- volume  |k v.52  |l 1991  |m A14817173879  |p ric  |s JLF  |t 0 
952 f f |a Texas A&M University  |b College Station  |c Sterling C. Evans Library  |d Evans: Library Stacks  |e QH96.A1 .J23  |h Library of Congress classification  |i unmediated -- volume  |k v.85  |l 2024  |m A14852740555  |p serial  |s Evans stk  |t 0 
952 f f |a Texas A&M University  |b Rellis Campus  |c Joint Library Facility  |d Remote Storage  |e QH96.A1 .J23  |h Library of Congress classification  |i unmediated -- volume  |k v.76  |l 2015  |m A14843554495  |p ric  |s JLF  |t 0 
952 f f |a Texas A&M University  |b Rellis Campus  |c Joint Library Facility  |d Remote Storage  |e QH96.A1 .J23  |h Library of Congress classification  |i unmediated -- volume  |k v.63  |l 2002  |m A14830653505  |p ric  |s JLF  |t 0 
952 f f |a Texas A&M University  |b Rellis Campus  |c Joint Library Facility  |d Remote Storage  |e QH96.A1 .J23  |h Library of Congress classification  |i unmediated -- volume  |k v.1/41:index  |l 1931/1980  |m A14852434035  |p ric  |s JLF  |t 0 
952 f f |a Texas A&M University  |b Rellis Campus  |c Joint Library Facility  |d Remote Storage  |e QH96.A1 .J23  |h Library of Congress classification  |i unmediated -- volume  |k v.46-47  |l 1985-1986  |m A14812139537  |p ric  |s JLF  |t 0 
952 f f |a Texas A&M University  |b Rellis Campus  |c Joint Library Facility  |d Remote Storage  |e QH96.A1 .J23  |h Library of Congress classification  |i unmediated -- volume  |k v.83  |l 2022  |m A14852068908  |p ric  |s JLF  |t 0 
952 f f |a Texas A&M University  |b Rellis Campus  |c Joint Library Facility  |d Remote Storage  |e QH96.A1 .J23  |h Library of Congress classification  |i unmediated -- volume  |k v.70:no.2-3  |l 2009:Oct.-Dec.  |m A14839113104  |p ric  |s JLF  |t 0 
998 f f |a QH96.A1 .J23  |s v.85 (2024)  |t 0  |l Evans: Library Stacks 
998 f f |a QH96.A1 .J23  |s v.73-84 (2011-2023)  |t 0  |l Remote Storage